The Jack Committee Report on banking services - its relevance to Indian banking (Record no. 4588)

000 -LEADER
fixed length control field 00411pab a2200157 454500
008 - FIXED-LENGTH DATA ELEMENTS--GENERAL INFORMATION
fixed length control field 180718b1990 xxu||||| |||| 00| 0 eng d
100 ## - MAIN ENTRY--PERSONAL NAME
Personal name Viswanathan, S.
245 ## - TITLE STATEMENT
Title The Jack Committee Report on banking services - its relevance to Indian banking
260 ## - PUBLICATION, DISTRIBUTION, ETC.
Date of publication, distribution, etc. 1990
300 ## - PHYSICAL DESCRIPTION
Extent 83-99
362 ## - DATES OF PUBLICATION AND/OR SEQUENTIAL DESIGNATION
Dates of publication and/or sequential designation Feb.
650 ## - SUBJECT ADDED ENTRY--TOPICAL TERM
Topical term or geographic name entry element Banks - India
700 ## - ADDED ENTRY--PERSONAL NAME
Personal name Susy George
773 ## - HOST ITEM ENTRY
Main entry heading PNB Monthly Review
909 ## -
-- 4588
Holdings
Withdrawn status Lost status Damaged status Not for loan Permanent Location Current Location Date acquired Serial Enumeration / chronology Barcode Date last seen Price effective from Koha item type
        Indian Institute of Public Administration Indian Institute of Public Administration 2018-07-19 Volume no: 12, Issue no: 2 AR4591 2018-07-19 2018-07-19 Articles

Powered by Koha